书目信息 |
| 题名: |
全脑革命
|
|
| 作者: | 格兰茨 , Glanz , 奈德·赫曼 著 ;杰航 译 | |
| 分册: | ||
| 出版信息: | 北京 经济管理出版社 1998 |
|
| 页数: | 379页 | |
| 开本: | 20cm | |
| 丛书名: | 美国经营管理精粹 | |
| 单 册: | ||
| 中图分类: | C960 | |
| 科图分类: | ||
| 主题词: | 企业管理--人间关系 , 企业管理 , 人间关系 , 人才学--理论 | |
| 电子资源: | ||
| ISBN: | 7-80118-615-X | |
| 000 | 00947oam2 2200325 450 | |
| 001 | 1241096718 | |
| 005 | 20121016171628.09 | |
| 010 | @a7-80118-615-X@dCNY18.50 | |
| 100 | @a19980831d1998 em y0chiy0110 ea | |
| 101 | 1 | @achi@ceng |
| 102 | @aCN@b110000 | |
| 105 | @af z 000yy | |
| 200 | 1 | @a全脑革命@Aquan nao ge ming@f(美)奈德·赫曼著@F(mei)nai de·he man zhu@g杰航译 |
| 210 | @a北京@c经济管理出版社@d1998 | |
| 215 | @a379页@c插图@d20cm | |
| 225 | 2 | @a美国经营管理精粹 |
| 304 | @a通译:B.A.格兰茨 | |
| 461 | 0 | @12001 @a美国经营管理精粹 |
| 510 | 1 | @aCare packages for the workplace@zeng |
| 606 | 0 | @a企业管理@x人间关系 |
| 606 | 0 | @a企业管理 |
| 606 | 0 | @a人间关系 |
| 606 | 0 | @a人才学@x理论 |
| 690 | @aC960@v3 | |
| 701 | 1 | @a格兰茨@Age lan ci@bB.A.@4著 |
| 701 | 1 | @aGlanz@bB.A.@4著 |
| 701 | 0 | @a奈德·赫曼@Anai de·he man@4著 |
| 702 | 0 | @a杰航@Ajie hang@4译 |
| 801 | 0 | @aCN@bNLC@c20101222 |
| 905 | @a10447@dC960@eJY95 | |
| 全脑革命/(美)奈德·赫曼著/杰航译.-北京:经济管理出版社,1998 |
| 379页:插图;20cm.-(美国经营管理精粹) |
| ISBN 7-80118-615-X:CNY18.50 |
| ● |
| 相关链接 |
|
|
|
|
正题名:全脑革命
索取号:C960/JY95
 
预约/预借
| 序号 | 登录号 | 条形码 | 馆藏地/架位号 | 状态 | 备注 |
| 1 | 7810329 | 278103295 | 学院路分馆/ [索取号:C960/JY95] | 在馆 | |
| 2 | 7810330 | 278103302 | 学院路分馆/ [索取号:C960/JY95] | 在馆 | |
| 3 | 7810331 | 278103311 | 学院路分馆/ [索取号:C960/JY95] | 在馆 | |
| 4 | 7810332 | 278103320 | 学院路分馆/ [索取号:C960/JY95] | 在馆 |